| 000 | 01744cam a2200277 a 4500 | ||
|---|---|---|---|
| 001 | 16284549 | ||
| 005 | 20110601090556.0 | ||
| 008 | 100615s2011 njua b 001 0 eng | ||
| 020 | _a9780470604465 (hbk. : alk. paper) | ||
| 040 |
_aDLC _cDLC _dDLC |
||
| 082 | 0 | 0 |
_a629.892 _222 _bNIK |
| 100 | 1 |
_aNiku, Saeed B. _q(Saeed Benjamin) _929394 |
|
| 245 | 1 | 0 |
_aIntroduction to Robotics : _bAnalysis, Control, Applications / _cSaeed Benjamin Niku. |
| 250 | _a2nd ed. | ||
| 260 |
_aHoboken, N.J : _bWiley, _cc2011. |
||
| 300 |
_axiv, 466 p. : _bill. ; _c25 cm. |
||
| 504 | _aIncludes bibliographical references and index. | ||
| 520 | _a"Niku offers comprehensive, yet concise coverage of robotics that will appeal to engineers. Robotic applications are drawn from a wide variety of fields. Emphasis is placed on design along with analysis and modeling. Kinematics and dynamics are covered extensively in an accessible style. Vision systems are discussed in detail, which is a cutting-edge area in robotics. Engineers will also find a running design project that reinforces the concepts by having them apply what they've learned."-- | ||
| 650 | 0 |
_aRobotics. _929395 |
|
| 653 |
_bMec _cMarch2012 |
||
| 942 |
_2ddc _cBB |
||
| 999 |
_c16586 _d16586 |
||